|
|
|
|
| LEADER |
01091nab#a2200325#ar4500 |
| 001 |
000109621 |
| 003 |
SVKKK |
| 005 |
20121218134038.0 |
| 008 |
110126c2011 xo |||||||||||||||b|slo |
| FMT |
|
|
|
| 038 |
|
|
|a SVKKK
|
| 040 |
|
|
|a SVKKK
|b slo
|e AACR2
|
| 041 |
1 |
|
|a slo
|
| 044 |
|
|
|a xo
|c SK
|
| 080 |
|
|
|a 628.3.033
|2 1997
|
| 080 |
|
|
|a 628.32
|2 1997
|
| 100 |
1 |
|
|a Hajduková, Michaela
|4 aut
|4 ivr
|
| 245 |
1 |
0 |
|a Olej vylievaný do kanalizácie ničí životné prostredie a dvíha cenu stočného
|b použitý olej z vyprážania sa má správne nosiť do zberných dvorov
|c Michaela Hajduková, Martina Hidhéghyová
|
| 300 |
|
|
|b Fotogr.
|
| 610 |
2 |
4 |
|a Východoslovenská vodárenská spoločnosť (Košice, Slovensko)
|
| 650 |
0 |
4 |
|a odpadové vody z domácností
|x znečisťovanie
|
| 650 |
0 |
4 |
|a čistiarne odpadových vôd
|x úprava vody
|
| 651 |
|
4 |
|a Košice (Slovensko)
|
| 700 |
1 |
|
|a Hidhéghyová, Martina
|4 aut
|4 ive
|
| 773 |
0 |
|
|t Košický večer. Korzár
|g Roč. XXI (43), č. 2 (2011), s. 2
|x 1336-5320
|
| 974 |
|
|
|a MI
|
| 992 |
|
|
|a RBX
|
| BAS |
|
|
|
| 852 |
|
|
|a SVKKK
|b BIB
|
| 998 |
|
|
|a REG
|